Determinación de estructuras orgánicas / (Record no. 117107)

MARC details
000 -LEADER
campo de control de longitud fija 00656nam a2200193 4500
001 - NÚMERO DE CONTROL
campo de control 117107
003 - IDENTIFICADOR DE NÚMERO DE CONTROL
campo de control ES-MaACL
005 - FECHA Y HORA DE LA ÚLTIMA TRANSACCIÓN
campo de control 20230906190830.0
007 - CAMPO FIJO DE DESCRIPCIÓN FÍSICA--INFORMACIÓN GENERAL
campo de control de longitud fija t|
008 - DATOS DE LONGITUD FIJA--INFORMACIÓN GENERAL
campo de control de longitud fija 070228s1974 sp r ||||1| spa d
100 1# - ENTRADA PRINCIPAL--NOMBRE DE PERSONA
Nombre de persona Pasto, Daniel J.
9 (RLIN) 89469
245 10 - MENCIÓN DEL TÍTULO
Título Determinación de estructuras orgánicas /
Mención de responsabilidad, etc. Daniel J. Pasto ; Carl R. Johnson ; versión por R. Areal Guerra y J. Tomás Romagosa.
260 ## - PUBLICACIÓN, DISTRIBUCIÓN, ETC.
Lugar de publicación, distribución, etc. Barcelona [etc.] :
Nombre del editor, distribuidor, etc. Reverté,
Fecha de publicación, distribución, etc. 1974.
300 ## - DESCRIPCIÓN FÍSICA
Extensión XIII, 577 p. :
Otras características físicas il ;
Dimensiones 22 cm.
700 1# - ENTRADA AGREGADA--NOMBRE PERSONAL
Nombre de persona Johson, Carl R.
9 (RLIN) 66783
700 1# - ENTRADA AGREGADA--NOMBRE PERSONAL
Nombre de persona Areal Guerra, Rogelio.
9 (RLIN) 22560
700 1# - ENTRADA AGREGADA--NOMBRE PERSONAL
Nombre de persona Tomás Romagosa, J.
9 (RLIN) 110527
852 ## - LOCALIZACIÓN
Ubicación ES-MaACL
Número de control de estantería A-6017
Sublocalización o colección R.95016
Holdings
Estatus retirado Estado de pérdida Estado de daño No para préstamo Biblioteca de origen Biblioteca actual Ubicación en estantería Fecha de adquisición Fuente de adquisición Total de préstamos Signatura topográfica completa Código de barras Visto por última vez Precio de reemplazo Tipo de ítem Koha
        Biblioteca del Ateneo de Madrid Biblioteca del Ateneo de Madrid Sala Pecera Planta 1 17/01/2008     A-6017 1122098 23/02/2023 23/02/2023 Libro impreso